| 000 | 00771nam a2200217 i 4500 | ||
|---|---|---|---|
| 001 | 18941 | ||
| 003 | ES-MaACL | ||
| 005 | 20230906151946.0 | ||
| 007 | t| | ||
| 008 | 020415s2001 sp ||||1| spa d | ||
| 020 | _a84-95224-24-0 | ||
| 080 | _a001(063) | ||
| 245 | 0 | 3 |
_aEl valor de la ciencia / _cRamón Alcoberro ... [et al.] ; (coordinadores) Salvador López Arnal ... [et al.]. |
| 260 |
_a[Barcelona] : _bEl Viejo Topo, _c[2001] |
||
| 300 |
_a427 p. ; _c22 cm. |
||
| 594 | _aTextos de las III Jornadas del Grup de Filosofía del Casal de Mestre, de Santa Coloma de Gramenet (9 nov. 2000) | ||
| 650 | 4 |
_aCiencia- _vCongresos y asambleas. _910938 |
|
| 700 | 1 |
_aLópez Arnal, Salvador. _973419 |
|
| 700 | 1 |
_aAlcoberro, Ramón. _919560 |
|
| 852 | 4 |
_aES-MaACL _jL-25386 |
|
| 999 |
_c18941 _d18941 |
||